| 000 | 00573nam a2200157Ia 4500 | ||
|---|---|---|---|
| 008 | 170221s9999 xx 000 0 und d | ||
| 100 | _aUğur Batı Bunyamin Atıcı. | ||
| 245 | 2 | _aA Thematic Content Analysis Concerning the Emotional Message Repertory of the TV Commercials of the Products Directed at the Young Target Audience | |
| 245 | _cUğur Batı Bunyamin Atıcı. | ||
| 260 | _bOnline Journal of Communication and Media Technologies | ||
| 260 | _c2015 | ||
| 300 | _a19 : | ||
| 650 | _xCommunication | ||
| 650 | _xMedia Arts | ||
| 856 | _uhttp://www.ojcmt.net/ | ||
| 999 |
_c308651 _d308651 |
||